000 00796nam a2200229Ii 4500
003 JO-AjNU
008 230605s9999||||xx |||||||||||||| ||und||
017 _a2009/4/2066
020 _a978-9957-24-468-2
040 _aJO-AjNU
_bara
_erda
_cJO-AjNU
041 _aara
050 1 4 _aHF 5549 .5 .M3 .A2864 2010
100 3 _aأبو شيخة،نادر احمد,
_eauthor
_930088
245 0 0 _aادارة الموارد البشرية: اطار نظري وحالات عملية
250 _aط1
264 3 1 _aعمان: دار صفاء للنشر والتوزيع،2010
300 _a624ص
336 _atext
_btxt
_2rdacontent
337 _aunmediated
_bn
_2rdamedia
338 _avolume
_bnc
_2rdacarrier
650 4 _aادارة الموارد البشرية-ادارة الافراد
_930089
999 _aA11886
_c15454
_d15454